01185nam a2200313Ia 4500001001200000003000800012006001900020007001500039008004100054010001700095020001500112020001500127040002100142035002100163050002500184082001600209100002300225245011600248260004300364300001100407504005100418533015200469600004000621650002100661655002900682710001700711856012600728999001700854ebr10150439CaPaEBRm u cr cn|||||||||050916s2006 nyu sb 001 0 eng d z 2005054650 z1403983046 z1403972591 aCaPaEBRcCaPaEBR a(OCoLC)56796279614aJC179.R9bH55 2006eb04a320.1/12221 aHill, Greg,d1948-10aRousseau's theory of human associationh[electronic resource] :btransparent and opaque societies /cGreg Hill. aNew York :bPalgrave Macmillan,c2006. a202 p. aIncludes bibliographical references and index. aElectronic reproduction.bPalo Alto, Calif. :cebrary,d2009.nAvailable via World Wide Web.nAccess may be limited to ebrary affiliated libraries.10aRousseau, Jean-Jacques,d1712-1778. 0aSocial contract. 7aElectronic books.2local2 aebrary, Inc.40uhttp://site.ebrary.com/lib/rucke/Doc?id=10150439zAn electronic book accessible through the World Wide Web; click to view c94616d94616